00495nam a2200109Ia 4500008004100000082000800041100001300049245020800062942000600270952009400276999001500370240331s9999 xx 000 0 und d bDIR aIRED. ed 2aA Directory :bforeign NGOs with direct programme implementation, foreign donors, foreign support service agencies, national NGOs with foreign initiative, international/regional NGO networks in Sri Lanka cL 001040708LaWERCLbWERCLcSSCd2024-03-31l0o 068 DIRp371r2024-03-31w2024-03-31yL c3263d3263